Online Catalogue and eLibrary

Prema geethaya (Record no. 873)

MARC details
000 -LEADER
fixed length control field 00380nam a2200157Ia 4500
005 - DATE AND TIME OF LATEST TRANSACTION
control field 20250516015129.0
008 - FIXED-LENGTH DATA ELEMENTS--GENERAL INFORMATION
fixed length control field 240331s9999 xx 000 0 und d
020 ## - INTERNATIONAL STANDARD BOOK NUMBER
ISBN 9552003628
082 ## - DDC Classification
Class No. 291.5
Item Number - Author Mark SEN
100 ## - MAIN ENTRY--PERSONAL NAME
Personal name Senanayake, G.S.B
245 #0 - TITLE STATEMENT
Title Prema geethaya
260 ## - PUBLICATION, DISTRIBUTION, ETC.
Place of publication, distribution, etc. Colombo
Name of publisher, distributor, etc. S. Godake & Brothers
Date of publication, distribution, etc. 1990
300 ## - PHYSICAL DESCRIPTION
Extent (e.g. Volumes, Pages etc.) xix, 156 p .,
650 ## - SUBJECT ADDED ENTRY--TOPICAL TERM
Topical term or geographic name entry element Love Story
942 ## - Koha item type (Biblio)
Koha item type Books in Stacks (Lending)
Holdings
Lost status Damaged status Collection code Home library Current library Shelving location Date acquired Full call number Accession Number Item type
    Lending WERC Library WERC Library Social Science Cupboard 03/31/2024 291.5 SEN 3100 Books in Stacks (Lending)

© WERC Library